000
00203 a2200109 4500
020
_a
9788433967497
041
_a
spa
100
_a
Alessandro Barico
245
_a
Oceano mar
942
_c
BK
952
_7
1
999
_c
22649
_d
22649